| 000 | 00646nam a22002057a 4500 | ||
|---|---|---|---|
| 005 | 20241101111539.0 | ||
| 008 | 241101b |||||||| |||| 00| 0 eng d | ||
| 020 | _a978-0723436959 | ||
| 082 |
_a617.645 _bHAL-H |
||
| 100 | _aHall, Roger. K | ||
| 245 |
_aHandbook of Pediatric Dentistry / _cEdited by Angus C. Cameron, Richard P. Widmer |
||
| 260 |
_aAustralia : _bMosby Elsevier ; _c2013. |
||
| 300 |
_axviii, 642 p.: _bill. ; _c26 cm. |
||
| 500 | _aInclude index. | ||
| 650 | _aDentistry / Medical | ||
| 650 | _aBDS / Pediatrics Dentistry | ||
| 700 | _aCameron, Angus C. (Editor) | ||
| 700 | _aWidmer, Richard P. (Editor) | ||
| 999 |
_c36736 _d36736 |
||